Guns N' Roses - Estranged Lyrics Quiz - Statistics

General Stats
  • This quiz has been taken 14 times
  • The average score is 40 of 56
Answer Stats
Lyrics % Correct
And {nobody's} home
92%
And {nobody's} home, alone
92%
Guess we'll have to {wait} and see
92%
Guess we'll have to {wait} and see
92%
How it was {gonna} be
92%
How it was {gonna} be
92%
Old at {heart}, but I'm only 28
92%
{One}, two, three
92%
So, what'll {happen} to us, baby?
92%
What'll {happen} to you, baby
92%
Maybe I'll get it {right} next time
83%
Said you took {everything} from me
83%
So, nobody ever {told} {you}, baby
83%
When you're {talkin'} to yourself
83%
When you took {everything}
83%
Find another {day}
75%
Got your head out of the {clouds}
75%
I'll never find anyone to {replace} you
75%
I'm out here on {my} {own}, and drifting all alone
75%
I {never} {wanted} it to die
75%
Too many times to make it {home}
75%
Well, I jumped into {the} {river}
75%
You can {fool} yourself
75%
Young at heart, but it's getting much too {late}
75%
And all my {friends} said I was high
67%
And the {waves}, they get so high
67%
And what more could you {ask} from me?
67%
And you don't talk so {loud}
67%
And you don't walk so {proud}
67%
{Anymore}, and what for?
67%
Guess I'll have to make it {through} this time
67%
How could you say that I {never} {needed} you
67%
Maybe {I'll} {find} another way
67%
Oh, {this} time
67%
To {read} between the lines
67%
When I find out all the {reasons}
67%
When no one I know can seem to {help} {me} now
67%
Why must it {drift} {away} and die?
67%
With all the {changing} {seasons} of my life
67%
{Without} you
67%
And I'm much too young to {let} {love} break my heart
58%
And now that you've been {broken} {down}
58%
But everything we've {ever} {known's} here
58%
'Cause I see {the} {storm} is getting closer
58%
I don't know how you're {supposed} {to} find me lately
58%
If it doesn't show, {give} {it} time
58%
I knew {the} {storm} was getting closer
58%
Old at heart, but I mustn't {hesitate}
58%
Seems everything we've {ever} {known's} here
58%
{Still} talkin' to myself
58%
You {came} in this world alone, alone
58%
You're {back} down on the ground
58%
If I'm to {find} {my} own way out
50%
So, nobody ever {told} {us}, baby
50%
To find {ourselves} so far apart
50%
Young at heart, and it gets {so} {hard} to wait
50%
No matching quizzes found
Score Distribution
Percent of People with Each Score
Percentile by Number Answered
Your Score History
You have not taken this quiz